000 01761nam a2200289uu 4500
001 1066930
005 20260507082729.0
007 cr|||||||
008 080211e20060130 spa
035 _a1066930
040 _ccomduadb
041 _aspa
080 _aPSI
100 1 0 _aGonzález Gutiérrez, Yovanny
_4aut
_eaut
_9451552
245 1 0 _aSíntesis de voz en Léxico
260 _aMedellín :
_b[sin publicador],
_c2006.
300 _a40 páginas
520 3 _aLa síntesis de voz (producción automática de voz a partir de texto) es una de las tecnologías que tiene varias aplicaciones en el ámbito universitario, cómo los sistemas de lectura para ciegos, los sistemas de habla para personas mudas y la enseñanza de otros idiomas. En el departamento de Ingeniería de Sistemas de la Universidad de Antioquia se ha desarrollado un lenguaje de programación llamado Léxico, el cual es un apoyo didáctico para quienes se inician en la disciplina de la programación de computadores, facilitándole al novato concentrarse en su tarea prioritaria: la adquisición de habilidades en lógica de la programación y elaboración de algoritmos. Para dotar a Léxico con características que lo hagan más interactivo, atractivo y lúdico para una mayor cantidad de estudiantes se ha desarrollado un módulo que le proporciona la capacidad de sintetizar voz.
650 _aSistemas de procesamiento de voz
_933539
650 _aLéxico (Lenguaje de programación)
_9174911
650 7 _aProgramación (Computadores electrónicos)
_2embne
_923308
700 1 0 _aJaramillo Cárdenas, Weidmar Alberto
_4aut
_eaut
_9450180
700 1 0 _aRíos Castrillón, Fabián
_4ths
_eths
_9478035
942 _cTESIS
999 _c450435
_d450435
502 _b180
_c17
526 _a182